00459cam a2200157ua 450000100060000000800390000602000180004504000090006308200110007210000300008324500740011325000160018726000480020330000100025165300400026112182200227n ii |||gr||||Z||||||eng a9780198063551 cMAIN a342.54 aRajeev Bhargava,eEditor. aPolitics and ethics of the indian constitutioncEd by Rajeev Bhargava a1st pap ed. aNew Delhi:bOxford university press,c2009. a409p. aConstitutional & administrative law